[Event "DVM U14w 2015"]
[Site "Magdeburg GER"]
[Date "2015.12.30"]
[Round "7"]
[White "Poetsch, Leonore"]
[Black "Arnhold, Steffi"]
[Result "1-0"]
[Termination "normal"]
[Board "2.2"]
[WhiteElo "1790"]
[BlackElo "1574"]
[WhiteClock "00:54:39"]
[BlackClock "01:01:27"]
[WhiteTeam "SK Langen"]
[BlackTeam "SV Dresden-Leuben"]
[PlyCount "41"]
[WhiteFideId "12940372"]
[BlackFideId "12931365"]
[EventCountry "GER"]
[EventRounds "7"]
[EventType "team-swiss"]
[EventDate "2015.12.26"]

1. e4 {[%clk 1:30:57]} c5 {[%clk 1:30:42]} 2. Nf3 {[%clk 1:31:20]} e6 {[%clk
1:30:47]} 3. d4 {[%clk 1:31:44]} cxd4 {[%clk 1:30:51]} 4. Nxd4 {[%clk 1:32:01]}
a6 {[%clk 1:30:36]} 5. Nc3 {[%clk 1:32:03]} Qc7 {[%clk 1:29:30]} 6. Be3 {[%clk
1:30:04]} Nf6 {[%clk 1:29:32]} 7. f3 {[%clk 1:30:02]} b5 {[%clk 1:27:35]} 8. g4
{[%clk 1:27:47]} d6 {[%clk 1:26:14]} 9. Qd2 {[%clk 1:25:26]} Bb7 {[%clk
1:25:18]} 10. O-O-O {[%clk 1:23:34]} Nc6 {[%clk 1:23:09]} 11. h4 {[%clk
1:17:13]} Ne5 {[%clk 1:21:30]} 12. a3 {[%clk 1:13:02]} Nc4 {[%clk 1:20:19]} 13.
Bxc4 {[%clk 1:09:38]} bxc4 {[%clk 1:20:38]} 14. h5 {[%clk 1:08:34]} Be7 {[%clk
1:17:53]} 15. g5 {[%clk 1:06:21]} Nd7 {[%clk 1:17:59]} 16. g6 {[%clk 1:05:36]}
O-O-O {[%clk 1:17:38]} 17. gxf7 {[%clk 1:04:52]} Nc5 {[%clk 1:10:04]} 18. Qg2
{[%clk 1:01:03]} Bf6 {[%clk 1:06:48]} 19. Qg4 {[%clk 0:56:21]} Qxf7 {[%clk
1:04:26]} 20. Nd5 {[%clk 0:54:44]} Bxd5 {[%clk 1:01:27]} 21. exd5 {[%clk
0:54:39]} 1-0

[Event "DVM U14w 2015"]
[Site "Magdeburg GER"]
[Date "2015.12.30"]
[Round "7"]
[White "Wong, Kar Yan"]
[Black "Flach, Helene"]
[Result "0-1"]
[Termination "normal"]
[Board "2.3"]
[WhiteElo "1590"]
[BlackElo "1785"]
[WhiteClock "01:24:40"]
[BlackClock "00:39:24"]
[WhiteTeam "SV Dresden-Leuben"]
[BlackTeam "SK Langen"]
[PlyCount "43"]
[WhiteFideId "12971855"]
[BlackFideId "12929735"]
[EventCountry "GER"]
[EventRounds "7"]
[EventType "team-swiss"]
[EventDate "2015.12.26"]

1. e4 {[%clk 1:30:59]} c5 {[%clk 1:30:54]} 2. Nf3 {[%clk 1:31:16]} e6 {[%clk
1:31:18]} 3. d4 {[%clk 1:31:41]} cxd4 {[%clk 1:31:41]} 4. Nxd4 {[%clk 1:29:54]}
a6 {[%clk 1:32:06]} 5. Bd3 {[%clk 1:30:04]} Qc7 {[%clk 1:32:23]} 6. Qe2 {[%clk
1:30:27]} d6 {[%clk 1:31:46]} 7. Nc3 {[%clk 1:30:39]} Nf6 {[%clk 1:32:05]} 8.
O-O {[%clk 1:31:02]} Nbd7 {[%clk 1:32:10]} 9. a4 {[%clk 1:31:22]} b6 {[%clk
1:32:09]} 10. Bd2 {[%clk 1:31:43]} Bb7 {[%clk 1:32:01]} 11. Rae1 {[%clk
1:30:59]} Be7 {[%clk 1:31:04]} 12. Kh1 {[%clk 1:31:21]} O-O {[%clk 1:31:01]}
13. f4 {[%clk 1:31:44]} Nc5 {[%clk 1:29:23]} 14. Rf3 {[%clk 1:31:41]} d5 {[%clk
1:27:02]} 15. e5 {[%clk 1:31:39]} Nfe4 {[%clk 1:27:07]} 16. Rh3 Rfd8 {[%clk
1:13:44]} 17. Be3 {[%clk 1:26:49]} g6 {[%clk 1:04:13]} 18. Bxe4 {[%clk
1:25:57]} Nxe4 {[%clk 0:46:09]} 19. Nxe4 {[%clk 1:25:20]} dxe4 {[%clk 0:46:00]}
20. c3 {[%clk 1:25:13]} Bd5 {[%clk 0:43:02]} 21. Qg4 {[%clk 1:24:51]} Kg7
{[%clk 0:39:24]} 22. f5 {[%clk 1:24:40]} 0-1

[Event "DVM U14w 2015"]
[Site "Magdeburg GER"]
[Date "2015.12.30"]
[Round "7"]
[White "Riegel, Arinna"]
[Black "Klemke, Kassandra"]
[Result "1/2-1/2"]
[Termination "normal"]
[Board "2.4"]
[WhiteElo "1691"]
[BlackElo "1157"]
[WhiteTeam "SK Langen"]
[BlackTeam "SV Dresden-Leuben"]
[PlyCount "44"]
[WhiteFideId "12931446"]
[BlackFideId "16217128"]
[EventCountry "GER"]
[EventRounds "7"]
[EventType "team-swiss"]
[EventDate "2015.12.26"]

1. Nf3 e6 2. g3 d5 3. Bg2 Nf6 4. O-O Nc6 5. d4 Bd6 6. Bg5 h6 7. Bd2 O-O 8. c4
dxc4 9. Qa4 Re8 10. Qxc4 e5 11. dxe5 Nxe5 12. Qc2 Bg4 13. Nxe5 Bxe5 14. e3 c6
15. Bc3 Qc7 16. Nd2 Rad8 17. Nf3 Bxc3 18. bxc3 Qa5 19. Rab1 Bf5 20. Qb3 Bxb1
21. Rxb1 b6 22. Nd4 Qc5 *

[Event "DVM U14w 2015"]
[Site "Magdeburg GER"]
[Date "2015.12.30"]
[Round "7"]
[White "Nguyen, Ha Thanh"]
[Black "Kublanov, Elizabeth"]
[Result "1-0"]
[Termination "normal"]
[Board "3.1"]
[WhiteElo "1691"]
[BlackElo "1414"]
[WhiteClock "01:01:21"]
[BlackClock "00:49:54"]
[WhiteTeam "SV Empor Erfurt"]
[BlackTeam "SG Solingen"]
[PlyCount "31"]
[WhiteFideId "12942154"]
[BlackFideId "12944564"]
[EventCountry "GER"]
[EventRounds "7"]
[EventType "team-swiss"]
[EventDate "2015.12.26"]

1. e4 {[%clk 1:30:59]} e5 {[%clk 1:30:55]} 2. Nf3 {[%clk 1:31:24]} Nc6 {[%clk
1:31:16]} 3. Bc4 {[%clk 1:31:49]} Bc5 {[%clk 1:31:32]} 4. c3 {[%clk 1:32:12]}
Nf6 {[%clk 1:31:40]} 5. d3 {[%clk 1:32:34]} O-O {[%clk 1:31:16]} 6. O-O {[%clk
1:32:51]} d6 {[%clk 1:31:06]} 7. Nbd2 {[%clk 1:32:56]} Bg4 {[%clk 1:30:09]} 8.
Bb3 {[%clk 1:32:24]} Ne7 {[%clk 1:17:23]} 9. h3 {[%clk 1:31:50]} Bh5 {[%clk
1:16:40]} 10. Re1 {[%clk 1:28:43]} Ng6 {[%clk 0:59:01]} 11. Nf1 {[%clk
1:16:26]} Nh4 {[%clk 0:56:31]} 12. N1h2 {[%clk 1:04:22]} h6 {[%clk 0:52:52]}
13. g4 {[%clk 1:02:59]} Nxf3+ {[%clk 0:52:25]} 14. Qxf3 {[%clk 1:03:10]} Bg6
{[%clk 0:52:25]} 15. Qg3 {[%clk 1:02:35]} c6 {[%clk 0:49:54]} 16. Nf3 {[%clk
1:01:21]} 1-0

[Event "DVM U14w 2015"]
[Site "Magdeburg GER"]
[Date "2015.12.30"]
[Round "7"]
[White "Berelowitsch, Dana"]
[Black "Schulz, Theresa Charlotte"]
[Result "0-1"]
[Termination "normal"]
[Board "3.2"]
[WhiteElo "1399"]
[BlackElo "1669"]
[WhiteClock "00:37:38"]
[BlackClock "01:15:03"]
[WhiteTeam "SG Solingen"]
[BlackTeam "SV Empor Erfurt"]
[PlyCount "34"]
[WhiteFideId "12977144"]
[BlackFideId "12952206"]
[EventCountry "GER"]
[EventRounds "7"]
[EventType "team-swiss"]
[EventDate "2015.12.26"]

1. d4 {[%clk 1:30:58]} d5 {[%clk 1:30:55]} 2. Nc3 {[%clk 1:31:23]} f5 {[%clk
1:30:58]} 3. Nf3 {[%clk 1:26:52]} e6 {[%clk 1:31:23]} 4. Bf4 {[%clk 1:23:05]}
c6 {[%clk 1:31:24]} 5. e3 {[%clk 1:17:25]} Nf6 {[%clk 1:31:48]} 6. a3 {[%clk
1:13:21]} Be7 {[%clk 1:32:13]} 7. Qd3 {[%clk 1:12:25]} Ne4 {[%clk 1:32:24]} 8.
Ne5 {[%clk 1:10:38]} O-O {[%clk 1:31:55]} 9. f3 {[%clk 1:10:23]} Nxc3 {[%clk
1:32:12]} 10. Qxc3 {[%clk 1:10:40]} Nd7 {[%clk 1:31:33]} 11. O-O-O {[%clk
1:10:06]} Nxe5 {[%clk 1:26:43]} 12. Bxe5 {[%clk 1:07:52]} Bd7 {[%clk 1:27:03]}
13. Bd3 {[%clk 1:06:40]} b5 {[%clk 1:26:23]} 14. g3 {[%clk 0:49:32]} a5 {[%clk
1:24:03]} 15. h4 {[%clk 0:41:18]} b4 {[%clk 1:23:15]} 16. axb4 {[%clk 0:38:32]}
axb4 {[%clk 1:23:27]} 17. Qe1 {[%clk 0:37:38]} Qa5 {[%clk 1:15:03]} 0-1

[Event "DVM U14w 2015"]
[Site "Magdeburg GER"]
[Date "2015.12.30"]
[Round "7"]
[White "Rieger, Lotta"]
[Black "Kublanov, Carolin"]
[Result "1-0"]
[Termination "normal"]
[Board "3.3"]
[WhiteElo "1442"]
[BlackElo "1607"]
[WhiteClock "01:16:01"]
[BlackClock "00:41:46"]
[WhiteTeam "SV Empor Erfurt"]
[BlackTeam "SG Solingen"]
[PlyCount "33"]
[WhiteFideId "12964620"]
[BlackFideId "12944548"]
[EventCountry "GER"]
[EventRounds "7"]
[EventType "team-swiss"]
[EventDate "2015.12.26"]

1. e4 {[%clk 1:30:58]} e5 {[%clk 1:30:49]} 2. Nf3 {[%clk 1:31:19]} Nc6 {[%clk
1:31:07]} 3. d4 {[%clk 1:31:37]} exd4 {[%clk 1:31:17]} 4. Nxd4 {[%clk 1:32:02]}
Nf6 {[%clk 1:31:10]} 5. Nc3 {[%clk 1:32:06]} Bb4 {[%clk 1:31:10]} 6. Nxc6
{[%clk 1:30:47]} bxc6 {[%clk 1:31:19]} 7. Bd3 {[%clk 1:30:26]} O-O {[%clk
1:29:00]} 8. Bg5 {[%clk 1:30:26]} Re8 {[%clk 1:24:56]} 9. O-O {[%clk 1:30:08]}
h6 {[%clk 1:24:24]} 10. Bh4 {[%clk 1:29:29]} g5 {[%clk 1:22:10]} 11. Bg3 {[%clk
1:29:42]} Bxc3 {[%clk 1:21:24]} 12. bxc3 {[%clk 1:30:10]} Nxe4 {[%clk 1:21:10]}
13. Qh5 {[%clk 1:28:25]} Kg7 {[%clk 1:07:59]} 14. h4 {[%clk 1:25:35]} d5 {[%clk
1:01:44]} 15. Bxe4 {[%clk 1:19:04]} Rxe4 {[%clk 0:59:05]} 16. f4 {[%clk
1:18:25]} g4 {[%clk 0:41:46]} 17. f5 {[%clk 1:16:01]} *

[Event "DVM U14w 2015"]
[Site "Magdeburg GER"]
[Date "2015.12.30"]
[Round "7"]
[White "Bashylina, Luisa"]
[Black "Geletzke, Hannah"]
[Result "0-1"]
[Termination "normal"]
[Board "3.4"]
[WhiteElo "1231"]
[BlackElo "1514"]
[WhiteTeam "SG Solingen"]
[BlackTeam "SV Empor Erfurt"]
[PlyCount "41"]
[WhiteFideId "12983292"]
[BlackFideId "12983330"]
[EventCountry "GER"]
[EventRounds "7"]
[EventType "team-swiss"]
[EventDate "2015.12.26"]

1. e4 c5 2. Nf3 d6 3. d4 cxd4 4. Nxd4 Nf6 5. Nc3 a6 6. Be3 e5 7. Nb3 Be6 8. f3
Be7 9. Qd2 Qc7 10. O-O-O O-O 11. g4 Nbd7 12. g5 Nh5 13. Nd5 Bxd5 14. exd5 a5
15. Kb1 a4 16. Nc1 a3 17. bxa3 Rxa3 18. Bd3 Rfa8 19. f4 exf4 20. Bxf4 Qb6+ 21.
Ka1 0-1

[Event "DVM U14w 2015"]
[Site "Magdeburg GER"]
[Date "2015.12.30"]
[Round "7"]
[White "Kirsten, Annika"]
[Black "Fromm, Katja"]
[Result "1/2-1/2"]
[Termination "normal"]
[Board "4.1"]
[WhiteElo "1329"]
[BlackElo "1653"]
[WhiteTeam "Cöthener FC Germania 03"]
[BlackTeam "Muldental Wilkau-Haßlau"]
[PlyCount "72"]
[WhiteFideId "12961124"]
[BlackFideId "12929409"]
[EventCountry "GER"]
[EventRounds "7"]
[EventType "team-swiss"]
[EventDate "2015.12.26"]

1. e4 c6 2. d4 d5 3. exd5 cxd5 4. c4 Nf6 5. Nc3 e6 6. Bg5 Be7 7. Nf3 Nc6 8.
cxd5 Nxd5 9. Bxe7 Ndxe7 10. Bb5 O-O 11. O-O a6 12. Bxc6 bxc6 13. Qd3 Bb7 14.
Rfd1 Qc7 15. Rac1 Rfd8 16. Ne2 h6 17. Ne5 Nf5 18. Nf3 Rd6 19. Qc3 Rad8 20. Qb3
c5 21. dxc5 Rxd1+ 22. Rxd1 Rxd1+ 23. Qxd1 Qxc5 24. Nc3 Qb4 25. Qd2 Qg4 26. h3
Qg6 27. Qf4 Kh7 28. Ne1 Qg5 29. Qxg5 hxg5 30. Nd3 Kg8 31. Nc5 Bc8 32. N3e4 f6
33. g4 Ne7 34. Nd6 a5 35. Nxc8 Nxc8 36. Nxe6 Nd6 1/2-1/2

[Event "DVM U14w 2015"]
[Site "Magdeburg GER"]
[Date "2015.12.30"]
[Round "7"]
[White "Böhle, Rebecca"]
[Black "Kümmel, Tina"]
[Result "1/2-1/2"]
[Termination "normal"]
[Board "4.2"]
[WhiteElo "1472"]
[BlackElo "1371"]
[WhiteTeam "Muldental Wilkau-Haßlau"]
[BlackTeam "Cöthener FC Germania 03"]
[PlyCount "80"]
[WhiteFideId "12963933"]
[BlackFideId "12979368"]
[EventCountry "GER"]
[EventRounds "7"]
[EventType "team-swiss"]
[EventDate "2015.12.26"]

1. e4 e6 2. d4 d5 3. e5 c5 4. f4 Nc6 5. Nf3 Bd7 6. Nc3 cxd4 7. Nxd4 a6 8. Be3
Bb4 9. Be2 Nge7 10. O-O Nxd4 11. Bxd4 Nf5 12. Bg4 Nxd4 13. Qxd4 Qa5 14. Kh1
Bxc3 15. Qxc3 Qxc3 16. bxc3 Rc8 17. Rf3 O-O 18. Rb1 Bb5 19. Rg3 Rc7 20. Bd1
Rfc8 21. Rb3 Rc4 22. Rb4 Rxc3 23. a4 Rxg3 24. hxg3 Bc6 25. c3 g6 26. Kg1 b5 27.
a5 Bb7 28. Rb3 Rc4 29. Ra3 f6 30. exf6 Kf7 31. Kf2 Kxf6 32. Bc2 d4 33. Bd3 Rxc3
34. Rxc3 dxc3 35. g4 e5 36. g5+ Ke6 37. g3 exf4 38. gxf4 Kd6 39. f5 b4 40. Ke1
gxf5 1/2-1/2

[Event "DVM U14w 2015"]
[Site "Magdeburg GER"]
[Date "2015.12.30"]
[Round "7"]
[White "Buchheim, Luise"]
[Black "Von Jan, Lena"]
[Result "0-1"]
[Termination "normal"]
[Board "4.3"]
[WhiteElo "1112"]
[BlackElo "1424"]
[WhiteTeam "Cöthener FC Germania 03"]
[BlackTeam "Muldental Wilkau-Haßlau"]
[PlyCount "112"]
[WhiteFideId "16217179"]
[BlackFideId "12946060"]
[EventCountry "GER"]
[EventRounds "7"]
[EventType "team-swiss"]
[EventDate "2015.12.26"]

1. e4 e5 2. Nf3 Nc6 3. Bc4 Bc5 4. d3 d6 5. h3 Nf6 6. Nc3 Be6 7. Bb3 h6 8. Be3
Bb6 9. O-O O-O 10. Nd2 Ne7 11. Qf3 Bxb3 12. axb3 Ng6 13. Nc4 Bxe3 14. fxe3 c6
15. Rad1 d5 16. exd5 cxd5 17. Na3 Qd7 18. e4 d4 19. Ne2 Qe6 20. Nb5 Qc6 21. Na3
b5 22. c3 dxc3 23. bxc3 Qc5+ 24. d4 Qxa3 25. Rb1 exd4 26. cxd4 Qe7 27. e5 Nd7
28. Nc3 a6 29. Rfe1 Qb4 30. Ne2 Qa5 31. b4 Qb6 32. Kh1 Rac8 33. Ra1 Nb8 34.
Red1 Nc6 35. Rab1 Rcd8 36. Qe4 Rfe8 37. Rd2 Nf8 38. Qf4 Ne6 39. Qg3 Nexd4 40.
Nf4 Nf5 41. Qe1 Rxd2 42. Qxd2 Rxe5 43. Ra1 Qb7 44. Qc2 Nxb4 45. Qc3 Re4 46. Qb3
Rxf4 47. Rd1 Qc7 48. Qb1 Qc8 49. Kh2 Rc4 50. Re1 Qc7+ 51. Kg1 Qc5+ 52. Kh2 Qd6+
53. Kg1 Qd3 54. Qb2 Qd4+ 55. Qf2 Qxf2+ 56. Kxf2 Nd3+ 0-1

[Event "DVM U14w 2015"]
[Site "Magdeburg GER"]
[Date "2015.12.30"]
[Round "7"]
[White "Dietzel, Emilie"]
[Black "Wesselly, Luisa"]
[Result "1-0"]
[Termination "normal"]
[Board "4.4"]
[WhiteElo "1160"]
[BlackElo "966"]
[WhiteTeam "Muldental Wilkau-Haßlau"]
[BlackTeam "Cöthener FC Germania 03"]
[PlyCount "93"]
[WhiteFideId "16217144"]
[BlackFideId "16217187"]
[EventCountry "GER"]
[EventRounds "7"]
[EventType "team-swiss"]
[EventDate "2015.12.26"]

1. e4 e5 2. Nf3 Nc6 3. d4 exd4 4. Nxd4 Bc5 5. Be3 Qf6 6. c3 d6 7. Bb5 Bd7 8.
Bxc6 Bxc6 9. Nd2 Bxd4 10. cxd4 Qe7 11. f3 Nf6 12. O-O d5 13. e5 Nd7 14. Nb3 Ba4
15. Qd3 Bxb3 16. Qxb3 Nb6 17. Bd2 c6 18. Rac1 Qh4 19. Be3 Qe7 20. Bd2 Nc4 21.
Bb4 Qc7 22. Rce1 a5 23. Bc3 Qb6 24. Qxb6 Nxb6 25. b3 a4 26. Bb4 axb3 27. axb3
Ra2 28. Ra1 Rxa1 29. Rxa1 Nd7 30. Ra8+ Nb8 31. Rxb8+ Kd7 32. Rxh8 b6 33. Rxh7
Ke6 34. Rxg7 f6 35. exf6 Kxf6 36. Rc7 b5 37. Rxc6+ Kf7 38. Rd6 Kg7 39. Kf2 Kf7
40. Ke3 Kg7 41. Kf4 Kf7 42. Kf5 Kg7 43. Kg5 Kf7 44. g4 Kg7 45. Rd7+ Kg8 46. Kg6
Kh8 47. Rd8# 1-0

[Event "DVM U14w 2015"]
[Site "Magdeburg GER"]
[Date "2015.12.30"]
[Round "7"]
[White "Kolb, Verena"]
[Black "Seeburger, Milena"]
[Result "1-0"]
[Termination "normal"]
[Board "5.1"]
[WhiteElo "1800"]
[BlackElo "1314"]
[WhiteTeam "SC Erlangen 48/88"]
[BlackTeam "SC 1948 Ersingen"]
[PlyCount "119"]
[WhiteFideId "12992313"]
[BlackFideId "16217306"]
[EventCountry "GER"]
[EventRounds "7"]
[EventType "team-swiss"]
[EventDate "2015.12.26"]

1. e4 e5 2. Nf3 Nc6 3. Bb5 a6 4. Ba4 b5 5. Bb3 Nf6 6. O-O Bc5 7. d3 h6 8. c3 d6
9. h3 O-O 10. Re1 Re8 11. Be3 Ba7 12. d4 Bb7 13. dxe5 dxe5 14. Qxd8 Raxd8 15.
Bxa7 Nxa7 16. Nbd2 Kh8 17. Bxf7 Re7 18. Bb3 Red7 19. Rad1 Kh7 20. Bc2 Re7 21.
Nh2 Red7 22. Nhf1 Rd6 23. f3 a5 24. Nb3 Rxd1 25. Rxd1 Rxd1 26. Bxd1 a4 27. Nc5
Bc8 28. c4 Nd7 29. Nxd7 Bxd7 30. cxb5 Bxb5 31. Ne3 Nc6 32. Nd5 Nd4 33. Nxc7 Bc4
34. a3 Nb3 35. Bxb3 Bxb3 36. Na6 Kg6 37. Nc5 Bc2 38. Kf2 Kf6 39. Ke2 Ke7 40.
Kd2 Kd6 41. Nb7+ Kc7 42. Kxc2 Kxb7 43. Kc3 Kc6 44. Kb4 Kb6 45. Kxa4 Ka6 46. Kb4
h5 47. g3 g6 48. a4 g5 49. Kc4 Ka5 50. b3 Kb6 51. b4 h4 52. g4 Kc6 53. a5 Kb7
54. Kc5 Ka6 55. Kc4 Kb7 56. b5 Ka7 57. Kd5 Kb7 58. Kxe5 Kc7 59. Kd5 Kd7 60. b6
1-0

[Event "DVM U14w 2015"]
[Site "Magdeburg GER"]
[Date "2015.12.30"]
[Round "7"]
[White "Ruf, Judith"]
[Black "Du, Jessica"]
[Result "0-1"]
[Termination "normal"]
[Board "5.2"]
[WhiteElo "902"]
[BlackElo "1188"]
[WhiteTeam "SC 1948 Ersingen"]
[BlackTeam "SC Erlangen 48/88"]
[PlyCount "108"]
[WhiteFideId "16217314"]
[BlackFideId "12988529"]
[EventCountry "GER"]
[EventRounds "7"]
[EventType "team-swiss"]
[EventDate "2015.12.26"]

1. e4 e5 2. Nf3 Nf6 3. Nc3 Bb4 4. Bd3 Nc6 5. O-O O-O 6. Qe2 Re8 7. Re1 Bxc3 8.
dxc3 h6 9. c4 d6 10. h3 Bd7 11. c3 a6 12. a4 Ne7 13. b3 Ng6 14. Bd2 Rb8 15.
Red1 c6 16. Ra2 Be6 17. Kh2 d5 18. Bc2 Qc7 19. g3 Qc8 20. Ng1 d4 21. Be1 c5 22.
f3 Qc7 23. Kg2 Rbd8 24. Raa1 Rd6 25. Rd3 Red8 26. Rad1 R8d7 27. Bd2 b6 28. Bb1
Qb7 29. Be1 b5 30. Ba2 Rd8 31. Rb1 Nh5 32. Bd2 f5 33. Rd1 Rb8 34. Qe1 bxc4 35.
bxc4 fxe4 36. fxe4 Rb6 37. Bc1 Bd7 38. Qe2 Nf6 39. Re1 Bxa4 40. cxd4 exd4 41.
Nf3 Re8 42. Kh2 Qxe4 43. Qxe4 Rxe4 44. Rxe4 Nxe4 45. Kg2 Nc3 46. Rd2 Nxa2 47.
Rxa2 Bc6 48. Kf2 Bxf3 49. Kxf3 Rd6 50. Bd2 Ne5+ 51. Ke2 Nxc4 52. Rc2 d3+ 53.
Kd1 dxc2+ 54. Kxc2 Nxd2 0-1

[Event "DVM U14w 2015"]
[Site "Magdeburg GER"]
[Date "2015.12.30"]
[Round "7"]
[White "Eisenburger, Melissa"]
[Black "Wackernagel, Sara"]
[Result "1/2-1/2"]
[Termination "normal"]
[Board "5.3"]
[WhiteElo "1181"]
[BlackElo "996"]
[WhiteTeam "SC Erlangen 48/88"]
[BlackTeam "SC 1948 Ersingen"]
[PlyCount "69"]
[WhiteFideId "16217209"]
[BlackFideId "16217322"]
[EventCountry "GER"]
[EventRounds "7"]
[EventType "team-swiss"]
[EventDate "2015.12.26"]

1. e4 e5 2. Nf3 Nc6 3. Bc4 Nf6 4. Ng5 d5 5. exd5 Na5 6. Bb3 Nxb3 7. axb3 Nxd5
8. Nf3 Bg4 9. h3 Bh5 10. Nc3 Nxc3 11. bxc3 e4 12. Qe2 Qe7 13. Ba3 exf3 14.
Qxe7+ Bxe7 15. O-O Bxa3 16. Rxa3 O-O 17. Ra5 fxg2 18. Kxg2 Bg6 19. d3 Rfe8 20.
Rd5 b6 21. Rd7 c5 22. c4 Re2 23. Ra1 h6 24. c3 Rb2 25. Ra3 Re8 26. d4 Rc2 27.
d5 Be4+ 28. Kg3 Rxc3+ 29. Kg4 f5+ 30. Kh4 Bg2 31. Kh5 Kh7 32. Rxg7+ Kxg7 33.
Rxa7+ Kg8 34. Kg6 Rxb3 35. Rg7+ 1/2-1/2

[Event "DVM U14w 2015"]
[Site "Magdeburg GER"]
[Date "2015.12.30"]
[Round "7"]
[White "Georgieva, Kalina"]
[Black "Strobel, Joanna"]
[Result "0-1"]
[Termination "normal"]
[Board "5.4"]
[WhiteElo "732"]
[BlackElo "1023"]
[WhiteTeam "SC 1948 Ersingen"]
[BlackTeam "SC Erlangen 48/88"]
[PlyCount "70"]
[WhiteFideId "16217330"]
[BlackFideId "16217217"]
[EventCountry "GER"]
[EventRounds "7"]
[EventType "team-swiss"]
[EventDate "2015.12.26"]

1. e4 e5 2. Nf3 Nf6 3. Nc3 Bb4 4. Bc4 O-O 5. d4 d6 6. Bg5 Nc6 7. h3 h6 8. Bh4
Re8 9. O-O exd4 10. Nxd4 Rxe4 11. Nxe4 Qe7 12. Qd3 Bc5 13. c3 Qxe4 14. Qxe4
Nxe4 15. Rae1 Nd2 16. Bd3 Bd7 17. Be7 Nxf1 18. Bxf1 Nxd4 19. cxd4 Bxd4 20. b3
Re8 21. Rd1 Bc5 22. Bh4 Re4 23. Bd8 f6 24. Rd5 Be6 25. Rh5 Re1 26. Bxc7 b6 27.
g3 Kh7 28. Kg2 g5 29. Bd3+ Kg7 30. h4 Bf7 31. Rxg5+ hxg5 32. hxg5 fxg5 33. f4
g4 34. Kh2 Bd5 35. Bxd6 Rh1# 0-1

[Event "DVM U14w 2015"]
[Site "Magdeburg GER"]
[Date "2015.12.30"]
[Round "7"]
[White "Rudolph, Eva"]
[Black "Walow, Xenia"]
[Result "1/2-1/2"]
[Termination "normal"]
[Board "6.1"]
[WhiteElo "1562"]
[BlackElo "1532"]
[WhiteTeam "Düsseldorfer SK 14/25"]
[BlackTeam "SK Blauer Springer Paderborn 1926"]
[PlyCount "152"]
[WhiteFideId "16200594"]
[BlackFideId "12971839"]
[EventCountry "GER"]
[EventRounds "7"]
[EventType "team-swiss"]
[EventDate "2015.12.26"]

1. e4 c5 2. Nf3 d6 3. d4 cxd4 4. Nxd4 Nf6 5. Nc3 a6 6. f4 Qc7 7. Bd3 e6 8. Be3
Be7 9. O-O O-O 10. a4 Nbd7 11. f5 e5 12. Nde2 Ng4 13. Nd5 Qd8 14. Bd2 Ngf6 15.
Nec3 b6 16. Qe1 Bb7 17. Nxe7+ Qxe7 18. Qg3 Kh8 19. Bg5 h6 20. Qh4 Kg8 21. Bd2
Rae8 22. Rf3 Nh7 23. Qg3 Kh8 24. Raf1 Rg8 25. Bc4 Nc5 26. Bd5 Bxd5 27. exd5 Nf6
28. Qh3 Nh7 29. Qg3 Rb8 30. b4 Nd7 31. Re1 Ndf6 32. Rfe3 Rbc8 33. Rc1 Rc4 34.
Ne2 Qd7 35. Qf3 Ng5 36. Qf1 Qxa4 37. Ra1 Qb5 38. Nc3 Qxb4 39. Rxa6 Qc5 40. Kh1
Nxd5 41. Nxd5 Qxd5 42. Rd3 Rd4 43. Rxb6 Rxd3 44. Qxd3 Qxd3 45. cxd3 Rd8 46. Rb7
Kg8 47. Kg1 Nh7 48. Kf2 Nf6 49. Kf3 Kf8 50. Bb4 Ke8 51. h3 Nd5 52. Bd2 Rd7 53.
Rb1 Ke7 54. Re1 Kf6 55. g4 Ra7 56. Rg1 Ra3 57. Ke4 Nc7 58. g5+ Ke7 59. g6 Ra4+
60. Kf3 Rd4 61. Ke2 Nd5 62. Bxh6 fxg6 63. fxg6 gxh6 64. g7 Nf6 65. g8=Q Nxg8
66. Rxg8 Rh4 67. Rg3 Ke6 68. Rg6+ Kd5 69. Rg3 Kd4 70. Kd2 d5 71. Kc2 e4 72. Kd2
exd3 73. Rxd3+ Ke5 74. Re3+ Re4 75. Ra3 Rd4+ 76. Ke2 Re4+ 1/2-1/2

[Event "DVM U14w 2015"]
[Site "Magdeburg GER"]
[Date "2015.12.30"]
[Round "7"]
[White "Möller, Lisa-Marie"]
[Black "Paulweber, Lara Maria"]
[Result "1-0"]
[Termination "normal"]
[Board "6.2"]
[WhiteElo "1486"]
[BlackElo "1404"]
[WhiteTeam "SK Blauer Springer Paderborn 1926"]
[BlackTeam "Düsseldorfer SK 14/25"]
[PlyCount "87"]
[WhiteFideId "12959367"]
[BlackFideId "12954411"]
[EventCountry "GER"]
[EventRounds "7"]
[EventType "team-swiss"]
[EventDate "2015.12.26"]

1. e4 e6 2. d4 d5 3. e5 c5 4. c3 Nc6 5. g3 Nge7 6. Bh3 Ng6 7. Ne2 Be7 8. O-O
O-O 9. Kh1 b5 10. Be3 Qb6 11. f4 cxd4 12. cxd4 Bd8 13. g4 Nge7 14. Qe1 a6 15.
Qg3 Kh8 16. f5 Ng8 17. fxe6 Bxe6 18. Nf4 Be7 19. Nc3 Rad8 20. Bg2 Nb4 21. h3
Nc2 22. Rad1 Nxe3 23. Qxe3 Qc6 24. Qf3 b4 25. Ncxd5 Bxd5 26. Nxd5 Qc4 27. b3
Qb5 28. Rc1 Rd7 29. Rc4 Qa5 30. Rf2 Bh4 31. Rfc2 Be7 32. Rc7 Qb5 33. Rxd7 Qxd7
34. Rc7 Qe6 35. Qf5 Qxf5 36. gxf5 Bd8 37. Rb7 a5 38. e6 fxe6 39. fxe6 Re8 40.
Rb8 Nf6 41. Nxf6 gxf6 42. e7 Rxe7 43. Rxd8+ Kg7 44. Ra8 1-0

[Event "DVM U14w 2015"]
[Site "Magdeburg GER"]
[Date "2015.12.30"]
[Round "7"]
[White "Sokolowski, Judith"]
[Black "Kesselmeier, Olivia"]
[Result "1-0"]
[Termination "normal"]
[Board "6.3"]
[WhiteElo "1217"]
[BlackElo "1078"]
[WhiteTeam "Düsseldorfer SK 14/25"]
[BlackTeam "SK Blauer Springer Paderborn 1926"]
[PlyCount "113"]
[WhiteFideId "16200624"]
[BlackFideId "16211472"]
[EventCountry "GER"]
[EventRounds "7"]
[EventType "team-swiss"]
[EventDate "2015.12.26"]

1. e4 c5 2. Nf3 Nc6 3. d4 cxd4 4. Nxd4 Nf6 5. Nc3 a6 6. Be2 e6 7. O-O g6 8. Kh1
Bg7 9. Nb3 d5 10. exd5 Nxd5 11. Nxd5 Qxd5 12. Qxd5 exd5 13. c3 O-O 14. Be3 Re8
15. Bf3 Ne5 16. Bxd5 Rd8 17. Rad1 Re8 18. Rfe1 Rb8 19. Bb6 Be6 20. Bc7 Rbc8 21.
Bxe5 Bxd5 22. Rxd5 f6 23. f4 fxe5 24. fxe5 Rcd8 25. Rxd8 Rxd8 26. e6 Rc8 27.
Rf1 Re8 28. Re1 Rc8 29. Nd4 Re8 30. g3 Kf8 31. Kg2 Ke7 32. Kh3 Kd6 33. Re4 Bxd4
34. cxd4 Rxe6 35. Rxe6+ Kxe6 36. Kg4 Kd5 37. Kg5 b5 38. Kh6 Kxd4 39. Kxh7 b4
40. Kxg6 Kd3 41. h4 Kc2 42. h5 Kxb2 43. h6 Kxa2 44. h7 b3 45. h8=Q b2 46. Qg8+
Ka1 47. Qg7 Ka2 48. Qf7+ Ka3 49. Qf3+ Ka4 50. Qd3 Kb4 51. Kf5 Ka4 52. g4 Kb4
53. g5 Ka4 54. g6 Kb4 55. g7 Ka4 56. g8=Q a5 57. Qgc4# 1-0